रस प्या आणि बरे व्हा (Record no. 71725)

MARC details
000 -LEADER
fixed length control field 00632nam a2200169Ia 4500
008 - FIXED-LENGTH DATA ELEMENTS--GENERAL INFORMATION
fixed length control field 090123s9999 xx 000 0 und d
082 ## - DEWEY DECIMAL CLASSIFICATION NUMBER
Item number 33666
100 ## - MAIN ENTRY--PERSONAL NAME
Personal name जायस्वाल जयनारायण
245 ## - TITLE STATEMENT
Title रस प्या आणि बरे व्हा
250 ## - EDITION STATEMENT
Edition statement 4
260 ## - PUBLICATION, DISTRIBUTION, ETC. (IMPRINT)
Name of publisher, distributor, etc गोपाल ग्रंथ गृह
600 ## - SUBJECT ADDED ENTRY--PERSONAL NAME
Personal name जायस्वाल जयनारायण
630 ## - SUBJECT ADDED ENTRY--UNIFORM TITLE
Uniform title रस प्या आणि बरे व्हा
700 ## - ADDED ENTRY--PERSONAL NAME
Personal name जायस्वाल जयनारायण
730 ## - ADDED ENTRY--UNIFORM TITLE
Uniform title रस प्या आणि बरे व्हा
942 ## - ADDED ENTRY ELEMENTS (KOHA)
Koha item type Book
Holdings
Withdrawn status Lost status Damaged status Not for loan Home library Current library Date acquired Cost, normal purchase price Total Checkouts Full call number Barcode Date last seen Cost, replacement price Price effective from Koha item type
        Jawahar Wachalanalaya, Kalwa Jawahar Wachalanalaya, Kalwa 03/31/2002 30.00   33666 KLW-33666 01/23/2009 30.00 01/23/2009 Book